| 000 | 00566nam a22002177a 4500 | ||
|---|---|---|---|
| 003 | UA-OsUOA | ||
| 001 | 39811 | ||
| 007 | ta | ||
| 008 | 20060629b un ||||| |||| 00| 0 ukr d | ||
| 100 | _aОсадчая И. | ||
| 090 |
_a330 _bО-11 |
||
| 942 | _cSA | ||
| 040 |
_aUA-OsUOA _brus _cUA-OsUOA _dUA-OsUOA |
||
| 245 | _aЭволюция макроэкономической теории после Кейнса | ||
| 300 | _aс.5-19 с. | ||
| 955 | _a0 | ||
| 041 | _arus | ||
| 080 | _a330 | ||
| 773 | 0 | _w39810 | |
| 650 | 7 |
_a330 Економіка взагалі _2UDC |
|
| 999 |
_c325952 _d325952 |
||